| 000 | 00437nam a22001457a 4500 | ||
|---|---|---|---|
| 999 |
_c8006 _d8006 |
||
| 003 | OSt | ||
| 005 | 20200616163612.0 | ||
| 008 | 200616b ||||| |||| 00| 0 eng d | ||
| 020 | _a9783037782217 | ||
| 082 |
_a720.92 _bMER |
||
| 100 | _a Merrill, Michael, Dr.-Ing. | ||
| 245 | _aLouis Kahn : the Dominican Motherhouse and the patient search for architecture. Drawing to find out | ||
| 260 |
_aSwitzerland _bLars Muller _c 2010 |
||
| 942 | _2ddc | ||